000 00755nam a2200253Ia 4500
999 _c36085
_d36085
001 1985
003 GE_BSU
005 20190424174247.0
008 181216s2006||||ru |||||||||||||| ||rus||
020 _a5238010222
040 _cGE_BSU
041 _arus
080 _a341.176(4)(075.8) М-92
100 _aМухаева, Н. Р.
_9461
245 _aПрава европейского союза :
_bУчебное пособие для студ. высш. уч. завед. /
260 _aМосква
260 _bЮнити
260 _c2006.
300 _a159 стр.;
_b20 см.
653 _aЕвропейский союз
653 _aსამართალი
653 _aევროკავშირი
942 _cBK
_2udc